Statistics for Currency Quiz

Click here to take the quiz!

General Stats

  • This quiz has been taken 8 times
  • The average score is 6 of 15

Answer Stats

HintAnswer% Correct
Philippines CurrencyPeso
75%
USA CurrencyUS Dollar
75%
Czech Republic CurrencyKoruna
50%
Albania CurrencyLek
50%
Mexico CurrencyMexican Peso
50%
Japan CurrencyYen
50%
Cuba CurrencyCuban Peso
38%
UAE CurrencyDirham
38%
Iran CurrencyRial
38%
Singapore CurrencySingapore Dollar
38%
Argentina CurrencyArgentine Peso
25%
Ethiopia CurrencyBirr
25%
Uzbekistan CurrencySom
25%
Bangladesh CurrencyTaka
13%
Cambodia CurrencyCambodian Rial
0%

Score Distribution

Percentile by Number Answered

Percent of People with Each Score

Your Score History

You have not taken this quiz